[Event "AUT-ch Vor3 Internet"]
[Site "Playchess.com INT"]
[Date "2020.04.17"]
[Round "7"]
[White "Schweda, Roland"]
[Black "Exler, Veronika"]
[Result "1/2-1/2"]
[WhiteElo "2449"]
[BlackElo "2155"]
[PlyCount "137"]
[EventDate "2020.04.17"]
[EventType "swiss (blitz)"]
[EventRounds "9"]
[EventCountry "AUT"]
[SourceTitle "CBM 195 Extra"]
[Source "ChessBase"]
[SourceDate "2020.05.31"]
[SourceVersion "1"]
[SourceVersionDate "2020.05.31"]
[SourceQuality "1"]

1. d4 d5 2. c4 e6 3. Nf3 Nf6 4. Bg5 Bb4+ 5. Nfd2 dxc4 6. Qa4+ Nc6 7. e3 h6 8. Bh4 g5 9. Bg3 Ne4 10. Bxc4 h5 11. f3 Nxd2 12. Nxd2 Bxd2+ 13. Kxd2 Bd7 14. Qc2 h4 15. Bf2 Na5 16. Bd3 Rc8 17. Rad1 Qe7 18. e4 Nc6 19. Qc5 Qxc5 20. dxc5 Ke7 21. Kc3 e5 22. b4 a6 23. a4 Be6 24. b5 axb5 25. axb5 Nb8 26. Be2 Nd7 27. g3 hxg3 28. hxg3 Rxh1 29. Rxh1 Ra8 30. c6 bxc6 31. bxc6 Ra3+ 32. Kd2 Ra2+ 33. Ke1 Ra1+ 34. Bd1 Bb3 35. Kd2 Rxd1+ 36. Rxd1 Bxd1 37. Kxd1 Nb8 38. Bc5+ Ke6 39. Kd2 Nxc6 40. Kd3 Ne7 41. Kc4 Nc8 42. Kb5 Kd7 43. Be3 f6 44. Kc5 Nb6 45. Bc1 Na4+ 46. Kc4 Nb6+ 47. Kb5 Nc8 48. Kc5 Nd6 49. Ba3 Nc8 50. Bb4 c6 51. Ba3 Ne7 52. Kb6 Ng6 53. Bc5 Nh8 54. Bf8 Nf7 55. Bg7 Ke6 56. Kxc6 Nd6 57. Bf8 Nc4 58. Bb4 Ne3 59. Kc5 Nf1 60. Be1 Nh2 61. f4 exf4 62. gxf4 gxf4 63. Kc4 Ke5 64. Kd3 Ng4 65. Bc3+ Ke6 66. Ke2 f5 67. Kf3 Nh6 68. Kxf4 fxe4 69. Kxe4 1/2-1/2

[Event "AUT-ch Vor3 Internet"]
[Site "Playchess.com INT"]
[Date "2020.04.17"]
[Round "2"]
[White "Schweda, Roland"]
[Black "Kucharski, Michael"]
[Result "1-0"]
[WhiteElo "2449"]
[BlackElo "1948"]
[PlyCount "99"]
[EventDate "2020.04.17"]
[EventType "swiss (blitz)"]
[EventRounds "9"]
[EventCountry "AUT"]
[SourceTitle "CBM 195 Extra"]
[Source "ChessBase"]
[SourceDate "2020.05.31"]
[SourceVersion "1"]
[SourceVersionDate "2020.05.31"]
[SourceQuality "1"]

1. d4 d5 2. c4 c6 3. Nf3 Nf6 4. Qc2 dxc4 5. Qxc4 Bg4 6. Nc3 Bxf3 7. gxf3 e6 8. e4 Nbd7 9. Be3 Qa5 10. Be2 Rd8 11. a3 g6 12. b4 Qc7 13. e5 Nh5 14. Bg5 Rc8 15. Ne4 Nb6 16. Qd3 Nd5 17. f4 Ng7 18. Bf6 Rg8 19. Qd2 Nf5 20. Rc1 Qd7 21. Bc4 Be7 22. Bxe7 Qxe7 23. Bxd5 exd5 24. Nf6+ Kf8 25. Nxg8 Kxg8 26. Rc3 a6 27. 0-0 Rd8 28. Rb1 Qh4 29. a4 Ng7 30. Kf1 Ne6 31. Rf3 Qxh2 32. Ke2 Qh5 33. Rg1 Kf8 34. Qe3 Qf5 35. Kd2 h5 36. Qd3 Qxd3+ 37. Kxd3 Ng7 38. Rb1 Ne6 39. f5 Ng5 40. Rf4 Kg7 41. fxg6 fxg6 42. b5 axb5 43. axb5 Rc8 44. bxc6 bxc6 45. Rb7+ Kh6 46. Rf6 c5 47. dxc5 Rxc5 48. f4 Ne4 49. Rff7 g5 50. Rb6+ 1-0

[Event "AUT-ch Vor2 Internet"]
[Site "Playchess.com INT"]
[Date "2020.04.13"]
[Round "9"]
[White "Schweda, Roland"]
[Black "Neubauer, Martin"]
[Result "1/2-1/2"]
[WhiteElo "2444"]
[BlackElo "2421"]
[PlyCount "93"]
[EventDate "2020.04.13"]
[EventType "swiss (blitz)"]
[EventRounds "9"]
[EventCountry "AUT"]
[SourceTitle "CBM 195 Extra"]
[Source "ChessBase"]
[SourceDate "2020.05.31"]
[SourceVersion "1"]
[SourceVersionDate "2020.05.31"]
[SourceQuality "1"]

1. d4 d5 2. c4 e6 3. Nc3 Nf6 4. Bg5 Be7 5. Nf3 0-0 6. cxd5 Nxd5 7. Bxe7 Qxe7 8. e3 Nxc3 9. bxc3 b6 10. Bd3 Bb7 11. 0-0 c5 12. a4 Nc6 13. Qc2 h6 14. Rfc1 Rac8 15. Qb2 Rfd8 16. Be4 Na5 17. Bxb7 Qxb7 18. Nd2 Rc7 19. Nb3 Nxb3 20. Qxb3 cxd4 21. cxd4 Rdc8 22. Rxc7 Qxc7 23. h4 Qc3 24. Qb1 g6 25. g3 h5 26. Kg2 Kg7 27. Ra2 Rc7 28. a5 bxa5 29. Qb5 Qc6+ 30. Qxc6 Rxc6 31. Rxa5 a6 32. Kf3 Rb6 33. Ke4 f6 34. f3 Kf7 35. g4 hxg4 36. fxg4 Kg7 37. Kf4 Kf7 38. e4 Rd6 39. Ke3 Rb6 40. Kf4 Rd6 41. Ra4 Rxd4 42. Rxa6 f5 43. Ra7+ Ke8 44. gxf5 exf5 45. Kg5 Rxe4 46. Kxg6 Rxh4 47. Kxf5 1/2-1/2

[Event "AUT-ch Vor2 Internet"]
[Site "Playchess.com INT"]
[Date "2020.04.13"]
[Round "6"]
[White "Schweda, Roland"]
[Black "Platzgummer, Fabian"]
[Result "0-1"]
[WhiteElo "2444"]
[BlackElo "2336"]
[PlyCount "108"]
[EventDate "2020.04.13"]
[EventType "swiss (blitz)"]
[EventRounds "9"]
[EventCountry "AUT"]
[SourceTitle "CBM 195 Extra"]
[Source "ChessBase"]
[SourceDate "2020.05.31"]
[SourceVersion "1"]
[SourceVersionDate "2020.05.31"]
[SourceQuality "1"]

1. d4 d5 2. c4 dxc4 3. Nf3 Nf6 4. Qa4+ c6 5. Qxc4 Bf5 6. Nc3 e6 7. g3 Nbd7 8. Bg2 Be7 9. 0-0 0-0 10. Qb3 Qb6 11. Re1 Ne4 12. Nh4 Bxh4 13. gxh4 Ndf6 14. Qxb6 axb6 15. Bf4 b5 16. Nxe4 Bxe4 17. f3 Bd5 18. b3 c5 19. dxc5 Bc6 20. e4 Rfc8 21. Bf1 Nd7 22. b4 Ra4 23. a3 Rca8 24. Kf2 Rxa3 25. Rxa3 Rxa3 26. Rd1 Rb3 27. Ra1 f6 28. Bd2 Ne5 29. Be2 Kf7 30. Rc1 Nd3+ 31. Bxd3 Rxd3 32. Ke2 Rd4 33. Ke3 Rc4 34. Ra1 f5 35. exf5 exf5 36. Be1 f4+ 37. Ke2 Rc2+ 38. Kd3 Rxh2 39. Bd2 Rf2 40. Bxf4 Rxf3+ 41. Be3 Rh3 42. Rf1+ Ke6 43. Rf4 h6 44. Kd4 g5 45. hxg5 hxg5 46. Rf8 g4 47. Bg5 g3 48. Rf6+ Kd7 49. Rd6+ Ke8 50. Ke5 Kf7 51. Rf6+ Kg7 52. Kf5 g2 53. Rg6+ Kh7 54. Bf4 Be4+ 0-1

[Event "AUT-chT2O 1112"]
[Site "Austria"]
[Date "2011.11.06"]
[Round "4.2"]
[White "Lipka, Juraj"]
[Black "Schweda, Roland"]
[Result "1/2-1/2"]
[WhiteElo "2443"]
[BlackElo "2447"]
[PlyCount "63"]
[EventDate "2011.10.15"]
[EventType "team-tourn"]
[EventRounds "11"]
[EventCountry "AUT"]
[SourceTitle "EXT 2013"]
[Source "ChessBase"]
[SourceDate "2012.11.22"]
[SourceVersion "1"]
[SourceVersionDate "2012.11.22"]
[SourceQuality "1"]
[WhiteTeam "Pamhagen"]
[BlackTeam "Wulkaprodersdorf"]
[WhiteTeamCountry "AUT"]
[BlackTeamCountry "AUT"]

1. Nf3 Nf6 2. c4 g6 3. g3 Bg7 4. Bg2 0-0 5. d4 d6 6. 0-0 c6 7. Nc3 a6 8. d5 Bg4 9. Be3 cxd5 10. cxd5 Bxf3 11. exf3 Nbd7 12. f4 Qa5 13. Re1 Rfe8 14. a3 Rac8 15. Rc1 Nb6 16. Bh3 Rc7 17. Bxb6 Qxb6 18. Na4 Rxc1 19. Nxb6 Rxd1 20. Rxd1 Ne4 21. b4 f5 22. Bf1 Bb2 23. Nc4 Bf6 24. Nb6 Kf7 25. Bc4 Bb2 26. Rd3 Bg7 27. Bb3 Nc3 28. Kf1 Rb8 29. Nd7 Rc8 30. Nb6 Rc7 31. Na8 Rc8 32. Nb6 1/2-1/2

[Event "AUT-chT2O 1112"]
[Site "Austria"]
[Date "2011.10.15"]
[Round "1.2"]
[White "Vlcek, Stanislav"]
[Black "Schweda, Roland"]
[Result "1/2-1/2"]
[WhiteElo "2330"]
[BlackElo "2447"]
[PlyCount "110"]
[EventDate "2011.10.15"]
[EventType "team-tourn"]
[EventRounds "11"]
[EventCountry "AUT"]
[SourceTitle "EXT 2013"]
[Source "ChessBase"]
[SourceDate "2012.11.22"]
[SourceVersion "1"]
[SourceVersionDate "2012.11.22"]
[SourceQuality "1"]
[WhiteTeam "Nickelsdorf"]
[BlackTeam "Wulkaprodersdorf"]
[WhiteTeamCountry "AUT"]
[BlackTeamCountry "AUT"]

1. e4 c5 2. Nf3 a6 3. c4 d6 4. d4 cxd4 5. Nxd4 Nf6 6. Nc3 e6 7. Be2 Be7 8. 0-0 0-0 9. Be3 b6 10. Qd2 Bb7 11. f3 Nbd7 12. Rfd1 Rc8 13. Rac1 Qc7 14. Bf1 Qb8 15. b4 Rfe8 16. Nb3 Bd8 17. Bf4 Ne5 18. Bxe5 dxe5 19. Na4 Bc6 20. Nb2 Be7 21. c5 bxc5 22. bxc5 Qa7 23. Qa5 Nd7 24. Kh1 Rc7 25. Nc4 Rb8 26. Nd6 Ra8 27. Rc2 h5 28. g3 h4 29. Kg2 g6 30. Be2 Kg7 31. Qxa6 Qxa6 32. Bxa6 Rca7 33. Bb5 Rxa2 34. Rdd2 Rxc2 35. Rxc2 Bxb5 36. Nxb5 Rb8 37. Na7 Rxb3 38. c6 Nb6 39. c7 Ra3 40. c8Q Nxc8 41. Nxc8 Bb4 42. gxh4 Ra6 43. Kh3 f5 44. Rc7+ Kf8 45. h5 gxh5 46. Kh4 Ra3 47. exf5 exf5 48. Kg5 Rxf3 49. Kf6 e4 50. Nd6 Bc3+ 51. Kg6 e3 52. Rxc3 e2 53. Rc7 e1Q 54. Rf7+ Kg8 55. Rg7+ Kf8 1/2-1/2

[Event "AUT-chT 0910"]
[Site "Austria"]
[Date "2010.01.14"]
[Round "4.6"]
[White "Zojer, Stefan"]
[Black "Schweda, Roland"]
[Result "0-1"]
[WhiteElo "2043"]
[BlackElo "2432"]
[PlyCount "80"]
[EventDate "2009.11.06"]
[EventType "team-tourn"]
[EventRounds "11"]
[EventCountry "AUT"]
[SourceTitle "EXT 2011"]
[Source "ChessBase"]
[SourceDate "2010.11.26"]
[SourceVersion "1"]
[SourceVersionDate "2010.11.26"]
[SourceQuality "1"]
[WhiteTeam "Wien Husek"]
[BlackTeam "Wulkaprodersdorf"]
[WhiteTeamCountry "AUT"]
[BlackTeamCountry "AUT"]

1. e4 c5 2. Nf3 a6 3. c4 Nc6 4. Nc3 d6 5. d4 cxd4 6. Nxd4 g6 7. Be3 Bg7 8. Be2 Nf6 9. f3 0-0 10. 0-0 Bd7 11. Qd2 Qa5 12. Nxc6 Bxc6 13. Nd5 Qd8 14. Bb6 Qd7 15. Bd4 Bxd5 16. cxd5 Rfc8 17. a4 Qd8 18. b4 Nd7 19. a5 Rc2 20. Qxc2 Bxd4+ 21. Kh1 Rc8 22. Qa4 Bxa1 23. Rxa1 Qc7 24. h3 Nf6 25. b5 Nh5 26. Kh2 axb5 27. Qxb5 Qc3 28. Rb1 Qe5+ 29. Kg1 Rc2 30. Qd3 Ra2 31. Qc4 Rxa5 32. Qc8+ Kg7 33. Qxb7 Ra2 34. Bf1 Nf4 35. Qc8 e6 36. Rb8 Nxh3+ 37. Kh1 Qh5 38. Qf8+ Kf6 39. e5+ Kxe5 40. Qh8+ f6 0-1

[Event "AUT-chT 0910"]
[Site "Austria"]
[Date "2009.11.08"]
[Round "3.4"]
[White "Schweda, Roland"]
[Black "Baldauf, Marco"]
[Result "1-0"]
[WhiteElo "2432"]
[BlackElo "2373"]
[PlyCount "73"]
[EventDate "2009.11.06"]
[EventType "team-tourn"]
[EventRounds "11"]
[EventCountry "AUT"]
[SourceTitle "EXT 2010"]
[Source "ChessBase"]
[SourceDate "2010.11.25"]
[SourceVersion "1"]
[SourceVersionDate "2010.11.25"]
[SourceQuality "1"]
[WhiteTeam "Wulkaprodersdorf"]
[BlackTeam "Hohenems"]
[WhiteTeamCountry "AUT"]
[BlackTeamCountry "AUT"]

1. d4 d5 2. Nf3 Nf6 3. c4 c6 4. Qc2 dxc4 5. Qxc4 Bf5 6. Nc3 e6 7. g3 Nbd7 8. Bg2 Be7 9. 0-0 0-0 10. e3 b5 11. Qe2 b4 12. Nb1 Rc8 13. Nbd2 c5 14. a3 Qa5 15. b3 Nd5 16. Nc4 Qb5 17. axb4 Nxb4 18. e4 Bg4 19. Rxa7 cxd4 20. Qd2 e5 21. Ra5 Qb8 22. Nfxe5 Nxe5 23. Rxe5 Rxc4 24. Rxe7 Rc2 25. Qg5 Be2 26. Bf4 Qb6 27. Ra1 d3 28. Rd7 h6 29. Qe7 Nc6 30. Qd6 Bg4 31. Be3 Qxb3 32. Qxf8+ Kxf8 33. Ra8+ Nb8 34. Rd8+ Ke7 35. Rdxb8 Qe6 36. Re8+ Kd7 37. Rad8+ 1-0

[Event "AUT-chT 0809"]
[Site "Austria"]
[Date "2009.01.22"]
[Round "4.6"]
[White "Schweda, Roland"]
[Black "Schachinger, Mario"]
[Result "1/2-1/2"]
[WhiteElo "2420"]
[BlackElo "2336"]
[PlyCount "86"]
[EventDate "2008.11.07"]
[EventType "team-tourn"]
[EventRounds "11"]
[EventCountry "AUT"]
[SourceTitle "EXT 2010"]
[Source "ChessBase"]
[SourceDate "2010.11.25"]
[SourceVersion "1"]
[SourceVersionDate "2010.11.25"]
[SourceQuality "1"]
[WhiteTeam "Wulkaprodersdorf"]
[BlackTeam "Maria Saal"]
[WhiteTeamCountry "AUT"]
[BlackTeamCountry "AUT"]

1. d4 d5 2. Nf3 c6 3. c4 Nf6 4. Qc2 dxc4 5. Qxc4 Bf5 6. Nc3 e6 7. g3 b5 8. Qb3 b4 9. Na4 Nbd7 10. Bg2 Rc8 11. 0-0 Be7 12. Bd2 a5 13. Rfd1 Be4 14. Ne1 Bxg2 15. Kxg2 c5 16. dxc5 Nxc5 17. Nxc5 Rxc5 18. Qa4+ Qd7 19. Qxd7+ Nxd7 20. Be3 Rc7 21. Rac1 Bd8 22. Nd3 Rxc1 23. Rxc1 Ke7 24. Rc6 Re8 25. Ra6 Bc7 26. a3 bxa3 27. bxa3 Rb8 28. a4 Rb7 29. Bd4 e5 30. Bc3 e4 31. Nf4 Nc5 32. Nd5+ Kd7 33. Ra8 Nxa4 34. Bxg7 Bd8 35. Nf6+ Bxf6 36. Bxf6 Rb5 37. Bd4 Nc5 38. Bc3 Nb3 39. Ra6 Rc5 40. Be1 Rc6 41. Ra8 Rc8 42. Ra7+ Rc7 43. Ra8 Rc8 1/2-1/2

[Event "AUT-chT 0809"]
[Site "Austria"]
[Date "2008.11.07"]
[Round "1.5"]
[White "Ribli, Zoltan"]
[Black "Schweda, Roland"]
[Result "1-0"]
[WhiteElo "2577"]
[BlackElo "2420"]
[PlyCount "109"]
[EventDate "2008.11.07"]
[EventType "team-tourn"]
[EventRounds "11"]
[EventCountry "AUT"]
[SourceTitle "EXT 2009"]
[Source "ChessBase"]
[SourceDate "2008.11.26"]
[SourceVersion "1"]
[SourceVersionDate "2008.11.26"]
[SourceQuality "1"]
[WhiteTeam "Graz Styria"]
[BlackTeam "Wulkaprodersdorf"]
[WhiteTeamCountry "AUT"]
[BlackTeamCountry "AUT"]

1. Nf3 Nf6 2. c4 g6 3. g3 Bg7 4. Bg2 0-0 5. Nc3 c6 6. d4 d6 7. 0-0 a6 8. e4 Bg4 9. h3 Bxf3 10. Bxf3 Nfd7 11. Be3 c5 12. d5 b5 13. Be2 b4 14. Na4 Nb6 15. Nxb6 Qxb6 16. Qd2 Nd7 17. Kg2 Qc7 18. Rac1 Nb6 19. h4 e6 20. h5 exd5 21. exd5 f5 22. Rh1 Qe7 23. hxg6 hxg6 24. Bg5 Qf7 25. Rh4 Rae8 26. Rch1 Nd7 27. Bh6 Nf6 28. Bf3 Bxh6 29. Rxh6 Qg7 30. a3 a5 31. axb4 axb4 32. Qd1 Nh5 33. R1xh5 gxh5 34. Rxd6 Rd8 35. Re6 h4 36. d6 Rf6 37. Re7 Qg6 38. Qd5+ Kf8 39. Qxc5 hxg3 40. d7 gxf2+ 41. Kxf2 Rd6 42. Re5 R8xd7 43. Rxf5+ Ke7 44. Bc6 Qh6 45. Bxd7 Qh2+ 46. Kf3 Qh3+ 47. Ke2 Qg4+ 48. Rf3 Kxd7 49. Qf5+ Qxf5 50. Rxf5 Rh6 51. b3 Rh3 52. Rf3 Rh2+ 53. Kd3 Ke6 54. Kd4 Rc2 55. Rh3 1-0

[Event "AUT-chT 0607"]
[Site "Austria"]
[Date "2007.03.08"]
[Round "8.5"]
[White "Schweda, Roland"]
[Black "Diermair, Andreas"]
[Result "0-1"]
[WhiteElo "2436"]
[BlackElo "2391"]
[PlyCount "54"]
[EventDate "2006.11.03"]
[EventType "team"]
[EventRounds "11"]
[EventCountry "AUT"]
[SourceTitle "EXT 2008"]
[Source "ChessBase"]
[SourceDate "2007.11.25"]
[SourceVersion "1"]
[SourceVersionDate "2007.11.25"]
[SourceQuality "1"]
[WhiteTeam "Wulkaprodersdorf"]
[BlackTeam "Maria Saal"]
[WhiteTeamCountry "AUT"]
[BlackTeamCountry "AUT"]

1. d4 Nf6 2. c4 e6 3. Nc3 Bb4 4. e3 0-0 5. Nge2 d5 6. a3 Bd6 7. cxd5 exd5 8. Ng3 Re8 9. b4 b6 10. Bd3 c5 11. bxc5 bxc5 12. dxc5 Be5 13. Nge2 Nc6 14. Bb5 Bd7 15. Rb1 d4 16. exd4 Nxd4 17. Bxd7 Qxd7 18. 0-0 Rad8 19. Be3 Nf3+ 20. Kh1 Qe7 21. Qa4 Nxh2 22. Rfd1 Nhg4 23. Rxd8 Rxd8 24. Rd1 Re8 25. c6 Bxc3 26. Nxc3 Qe5 27. Qf4 Qxf4 0-1

[Event "AUT-chT 0607"]
[Site "Austria"]
[Date "2006.11.05"]
[Round "3"]
[White "Stanec, Nikolaus"]
[Black "Schweda, Roland"]
[Result "1/2-1/2"]
[WhiteElo "2514"]
[BlackElo "2451"]
[PlyCount "28"]
[EventDate "2006.11.03"]
[EventType "team"]
[EventRounds "11"]
[EventCountry "AUT"]
[SourceTitle "EXT 2007"]
[Source "ChessBase"]
[SourceDate "2006.11.23"]
[SourceVersion "1"]
[SourceVersionDate "2006.11.23"]
[SourceQuality "1"]
[WhiteTeam "Ansfelden"]
[BlackTeam "Wulkaprodersdorf"]
[WhiteTeamCountry "AUT"]
[BlackTeamCountry "AUT"]

1. c4 Nf6 2. Nc3 d6 3. g3 g6 4. Bg2 Bg7 5. d4 0-0 6. e3 Nbd7 7. Nge2 e5 8. b3 Re8 9. a4 a5 10. Ra2 exd4 11. exd4 Nb8 12. 0-0 Nc6 13. h3 Nb4 14. Rd2 d5 1/2-1/2

[Event "EU-Cup 22nd"]
[Site "Fuegen"]
[Date "2006.10.11"]
[Round "4.5"]
[White "Lutsko, Igor"]
[Black "Schweda, Roland"]
[Result "1-0"]
[WhiteElo "2489"]
[BlackElo "2451"]
[PlyCount "53"]
[EventDate "2006.10.08"]
[EventType "team-swiss"]
[EventRounds "7"]
[EventCountry "AUT"]
[SourceTitle "CBM 115"]
[Source "ChessBase"]
[SourceDate "2006.11.15"]
[SourceVersion "1"]
[SourceVersionDate "2006.11.15"]
[SourceQuality "1"]
[WhiteTeam "Minsk Vesnianka"]
[BlackTeam "Wulkaprodersdorf"]
[WhiteTeamCountry "BLR"]
[BlackTeamCountry "AUT"]

1. d4 Nf6 2. c4 d6 3. Nc3 Nbd7 4. Nf3 e5 5. e4 g6 6. d5 Bg7 7. h3 Nc5 8. Qc2 a5 9. Bg5 h6 10. Be3 0-0 11. Be2 Nfd7 12. g4 c6 13. Nd2 a4 14. h4 f5 15. gxf5 gxf5 16. exf5 e4 17. Rg1 Kh8 18. Ndxe4 Nxe4 19. Nxe4 a3 20. Rxg7 Kxg7 21. 0-0-0 Nf6 22. Bd4 Bxf5 23. Rg1+ Kf7 24. Nxf6 Bxc2 25. Bh5+ Bg6 26. Bxg6+ Kg7 27. Bf5+ 1-0

[Event "AUT-chT 0506"]
[Site "Austria"]
[Date "2006.03.26"]
[Round "11"]
[White "Scheffknecht, Philipp"]
[Black "Schweda, Roland"]
[Result "0-1"]
[WhiteElo "2197"]
[BlackElo "2416"]
[PlyCount "74"]
[EventDate "2005.11.18"]
[EventType "team"]
[EventRounds "11"]
[EventCountry "AUT"]
[SourceTitle "EXT 2007"]
[Source "ChessBase"]
[SourceDate "2006.11.23"]
[SourceVersion "1"]
[SourceVersionDate "2006.11.23"]
[SourceQuality "1"]
[WhiteTeam "Goetzis"]
[BlackTeam "Wulkaprodersdorf"]
[WhiteTeamCountry "AUT"]
[BlackTeamCountry "AUT"]

1. d4 Nf6 2. Nf3 d6 3. g3 g6 4. Bg2 Bg7 5. 0-0 0-0 6. c4 c6 7. Nc3 a6 8. e4 b5 9. e5 Ne8 10. b3 Nc7 11. Bb2 bxc4 12. bxc4 a5 13. Re1 Nd7 14. exd6 exd6 15. Ne4 Nf6 16. Ba3 Nxe4 17. Rxe4 Na6 18. Qd2 Nb4 19. Bxb4 axb4 20. Qxb4 c5 21. Qd2 Bb7 22. Ree1 Ra3 23. d5 Bxa1 24. Rxa1 Qf6 25. Rb1 Ba6 26. Ng5 Bxc4 27. Ne4 Qe5 28. f4 Qg7 29. Qb2 Qxb2 30. Rxb2 Rd8 31. Rb6 Ra6 32. Rb7 Rxa2 33. Bf3 h6 34. g4 Kg7 35. Ng3 Rd2 36. f5 Ra8 37. f6+ Kg8 0-1

[Event "AUT-chT 0506"]
[Site "Austria"]
[Date "2006.03.25"]
[Round "10"]
[White "Schweda, Roland"]
[Black "Wittmann, Walter"]
[Result "1-0"]
[WhiteElo "2416"]
[BlackElo "2372"]
[PlyCount "63"]
[EventDate "2005.11.18"]
[EventType "team"]
[EventRounds "11"]
[EventCountry "AUT"]
[SourceTitle "EXT 2007"]
[Source "ChessBase"]
[SourceDate "2006.11.23"]
[SourceVersion "1"]
[SourceVersionDate "2006.11.23"]
[SourceQuality "1"]
[WhiteTeam "Wulkaprodersdorf"]
[BlackTeam "Graz Styria"]
[WhiteTeamCountry "AUT"]
[BlackTeamCountry "AUT"]

1. d4 Nf6 2. Nf3 g6 3. g3 Bg7 4. Bg2 0-0 5. 0-0 d5 6. Nbd2 Nc6 7. c4 dxc4 8. Nxc4 Be6 9. b3 Bd5 10. Bb2 a5 11. Ne3 Be4 12. a3 Ra6 13. Nc4 Bd5 14. Rc1 Bh6 15. e3 Qa8 16. Qc2 Nd8 17. Nce5 Ne6 18. Ne1 Bxg2 19. Kxg2 a4 20. b4 Rd6 21. Qe2 Rfd8 22. N1d3 Nd5 23. Rc2 b6 24. e4 Nf6 25. d5 Ng5 26. f3 Qc8 27. Nc4 Nh5 28. g4 Rf6 29. Bxf6 Nxf6 30. h4 Ngxe4 31. fxe4 Nxg4 32. Nde5 1-0

[Event "AUT-chT 0506"]
[Site "Austria"]
[Date "2006.01.13"]
[Round "5"]
[White "Schweda, Roland"]
[Black "Wegerer, Fred"]
[Result "1-0"]
[WhiteElo "2416"]
[BlackElo "2271"]
[PlyCount "63"]
[EventDate "2005.11.18"]
[EventType "team"]
[EventRounds "11"]
[EventCountry "AUT"]
[SourceTitle "EXT 2007"]
[Source "ChessBase"]
[SourceDate "2006.11.23"]
[SourceVersion "1"]
[SourceVersionDate "2006.11.23"]
[SourceQuality "1"]
[WhiteTeam "Wulkaprodersdorf"]
[BlackTeam "Holz Dohr"]
[WhiteTeamCountry "AUT"]
[BlackTeamCountry "AUT"]

1. d4 d6 2. c4 Nf6 3. Nc3 Nbd7 4. e4 e5 5. Nf3 Be7 6. g3 c6 7. Bg2 Qa5 8. 0-0 0-0 9. Rb1 Qa6 10. b3 b5 11. c5 b4 12. cxd6 Bxd6 13. Na4 exd4 14. Nxd4 Re8 15. Re1 Bb7 16. Nf5 Bf8 17. Bb2 Rad8 18. Qc1 Ne5 19. Qg5 Kh8 20. Nxg7 Bxg7 21. Bxe5 h6 22. Qf4 Re6 23. Nc5 Rxe5 24. Nxa6 Nh5 25. Qxf7 Bxa6 26. f4 Ra5 27. e5 Bd3 28. Qc7 Rad5 29. Bxd5 Rxd5 30. Rbd1 Bf8 31. Qxc6 Bc5+ 32. Kg2 1-0

[Event "AUT-chT2O 0405"]
[Site "Austria"]
[Date "2005.02.25"]
[Round "7.2"]
[White "Neumeier, Klaus"]
[Black "Schweda, Roland"]
[Result "1/2-1/2"]
[WhiteElo "2304"]
[BlackElo "2410"]
[PlyCount "48"]
[EventDate "2004.10.09"]
[EventType "team-tourn"]
[EventRounds "11"]
[EventCountry "AUT"]
[SourceTitle "EXT 2005"]
[Source "ChessBase"]
[SourceDate "2004.11.15"]
[SourceVersion "1"]
[SourceVersionDate "2004.11.15"]
[SourceQuality "1"]
[WhiteTeam "Eichgraben/Pressbaum"]
[BlackTeam "Wulkaprodersdorf"]
[WhiteTeamCountry "AUT"]
[BlackTeamCountry "AUT"]

1. e4 c5 2. Nf3 d6 3. Bb5+ Bd7 4. Bxd7+ Qxd7 5. c4 Nc6 6. Nc3 Ne5 7. d4 Nxf3+ 8. gxf3 cxd4 9. Qxd4 e6 10. Be3 Ne7 11. f4 Nc6 12. Qd2 Be7 13. Rg1 g6 14. 0-0-0 0-0-0 15. Kb1 Kb8 16. Rc1 b6 17. Rgd1 Qb7 18. f3 Rc8 19. Nb5 Rhd8 20. Qc3 Na5 21. Qd3 Nc6 22. Qb3 Na5 23. Qd3 Nc6 24. Qb3 Na5 1/2-1/2